[Event "I Miedzynarodowy Memorial Ireny Warakomskiej - Open B"]
[Site "Suwalki"]
[Date "2017-08-15"]
[Round "6.29"]
[White "Golecki, Jan "]
[Black "Tylenda, Krzysztof "]
[Result "1-0"]
[WhiteTitle ""]
[BlackTitle ""]
[WhiteElo "1957"]
[BlackElo "1750"]

1. e4 c5 2. Nf3 g6 3. d4 cxd4 4. Qxd4 Nf6 5. e5 Nc6 6. Qa4 Nd5 7. Qb3 Nc7 8. Bc4
Ne6 9. Bxe6 dxe6 10. O-O Bg7 11. Bf4 O-O 12. Nc3 Nd4 13. Nxd4 Qxd4 14. Ne2 Qe4
15. Qd3 Qxd3 16. cxd3 Bd7 17. Rac1 Rfd8 18. Nc3 Bc6 19. Rfd1 Rd4 20. Ne2 Rd7 21.
d4 Rad8 22. Re1 f6 23. b3 g5 24. Be3 Kf7 25. f3 h6 26. Rc5 Rd5 27. Rxd5 Rxd5 28.
Nc3 Rd8 29. Rd1 a6 30. f4 gxf4 31. Bxf4 fxe5 32. dxe5 Rxd1+ 33. Nxd1 Be4 34. g4
Ke8 35. Kf2 Kd7 36. Ke3 Bg6 37. h4 Kc6 38. Kd4 b5 39. h5 Bc2 40. Nc3 a5 41. g5
hxg5 42. Bxg5 b4 43. Ne4 Kd7 44. Nc5+ Ke8 45. Nxe6 Bh8 46. Bf4 Bb1 47. Kc4 Bxa2
48. Nc5 Kf7 49. Kb5 Kg7 50. Ka4 Kh7 51. e6 Bd4 52. Nd7 Bb1 53. Bg5 Bf5 54. Bxe7
Kh6 55. Nf8 Kxh5 56. Bxb4 Bf6 57. Kxa5 Kh6 58. e7 Bxe7 59. Bxe7 Kg7 60. Bc5 Kf7
61. Kb6 Ke8 62. Kc7 Kf7 63. b4 Bd3 64. Nd7 Ke6 65. Nb6 Bb5 66. Bf2 Ke5 67. Nc8
Kd5 68. Kb6 Ba4 69. Na7 Kc4 70. Bc5 Kd5 71. Bf8 Bd7 72. Nb5 Kc4 73. Nc7 Ba4 74.
Ka5 Bc6 75. b5 Bxb5 76. Nxb5 Kd5 77. Kb4 Ke5 78. Kc4 Ke4 79. Bd6 Ke3 80. Nc3 Kf3
81. Kd4 Kg4 82. Ke4 Kh3 83. Kf3 Kh4 84. Bg3+ Kg5 85. Ne2 Kf5 86. Nd4+ Kg5 87.
Ne2 Kf6 88. Bf4 Ke6 89. Ke4 Kf6 90. Ng3 Ke6 91. Be5 Ke7 92. Kd5 Kf7 93. Kd6 Kg6
94. Bf4 Kf6 95. Be3 Kf7 96. Bg5 Kg6 97. Bd8 Kf7 98. Be7 Ke8 99. Ne2 Kf7 100. Nf4
Ke8 101. Bg5 Kf7 102. Kd7 Kf8 103. Ke6 Kg7 104. Ke7 Kg8 105. Ne6 Kh8 106. Kf7
Kh7 107. Nf8+ Kh8 108. Bf6# 1-0

[Event "I Miedzynarodowy Memorial Ireny Warakomskiej - Open B"]
[Site "Suwalki"]
[Date "2017-08-15"]
[Round "6.30"]
[White "Tarnowska, Aleksandra"]
[Black "Belczewski, Jacek"]
[Result "0-1"]
[WhiteTitle ""]
[BlackTitle ""]
[WhiteElo "1807"]
[BlackElo "1949"]

1. e4 e6 2. d4 d5 3. exd5 exd5 4. Nf3 Nc6 5. c3 Bd6 6. Bd3 Nge7 7. O-O Bg4 8. h3
Bh5 9. Re1 Qd7 10. b4 f6 11. Nbd2 O-O 12. Nf1 Rfe8 13. Ng3 Bg6 14. Nh4 Bxg3 15.
fxg3 Bxd3 16. Qxd3 Nd8 17. a4 Nf7 18. c4 dxc4 19. Qxc4 Qc6 20. Qxc6 Nxc6 21. Bb2
Nxb4 22. Nf5 g6 23. Nh4 Nd6 24. Bc3 Nd5 25. Bd2 Kf7 26. Nf3 Rxe1+ 27. Rxe1 Re8
28. Rc1 Ne4 29. Bf4 c6 30. Rb1 Re7 31. a5 g5 32. Bc1 Ndc3 33. Rb2 Nxg3 34. Kh2
Nge4 35. Rc2 a6 36. Ba3 Rd7 37. Bb2 Nd5 38. Re2 Nd6 39. Rf2 Kg6 40. h4 h6 41.
Nd2 Ne3 42. h5+ Kxh5 43. Re2 Nec4 44. Nb3 Nxb2 45. Rxb2 Nb5 46. Nc5 Rxd4 47. Nxb7
Rd5 48. Rc2 Nd4 49. Rc4 f5 50. Nc5 Ne2 51. Nxa6 Rxa5 52. Rxc6 Nf4 53. Nb4 Re5
54. Rc2 Kg4 55. Nc6 Re2 56. Nd4 Rxc2 57. Nxc2 Nd5 58. Nd4 f4 59. Kg1 Nc3 60. Kh2
Nd5 61. Kg1 Ne3 62. Kh2 h5 63. Kg1 h4 64. Kh2 Nc4 65. Nf3 Kf5 66. Nd4+ Kg4 67.
Nf3 h3 68. Nd4 hxg2 69. Kxg2 Ne5 70. Kf2 Nf7 71. Ne6 Kf5 72. Ng7+ Ke4 73. Nh5
g4 74. Nf6+ Kf5 75. Nd5 Ne5 76. Kg2 Nc4 77. Kf2 Nd6 78. Kg2 Ne4 79. Ne7+ Kg5 80.
Nd5 f3+ 81. Kh1 g3 82. Ne3 Kh4 83. Nd1 Nf2+ 84. Nxf2 gxf2 85. Kh2 f1=B 86. Kh1
Kg3 87. Kg1 Bh3 88. Kh1 Bg2+ 89. Kg1 f2# 0-1

[Event "I Miedzynarodowy Memorial Ireny Warakomskiej - Open B"]
[Site "Suwalki"]
[Date "2017-08-15"]
[Round "6.31"]
[White "Szolc, Grzegorz"]
[Black "Koloczek, Maciej "]
[Result "1-0"]
[WhiteTitle ""]
[BlackTitle ""]
[WhiteElo "1945"]
[BlackElo "1764"]

1. d4 Nf6 2. Bf4 d5 3. e3 c5 4. c3 Nc6 5. Nd2 Bf5 6. Qb3 Qd7 7. Ngf3 e6 8. Bb5
Bd6 9. dxc5 Bxf4 10. exf4 O-O 11. Ne5 Qc7 12. Bxc6 bxc6 13. Qa4 Rac8 14. O-O Ne4
15. Nxe4 Bxe4 16. f3 Bf5 17. Rae1 h5 18. g4 Bg6 19. Qd4 hxg4 20. Nxg6 fxg6 21.
fxg4 g5 22. fxg5 Rxf1+ 23. Rxf1 e5 24. Qf2 Qe7 25. g6 Rb8 26. b3 Rb5 27. b4 a5
28. a3 axb4 29. axb4 d4 30. Qa2+ Kh8 31. Qa8+ 1-0

[Event "I Miedzynarodowy Memorial Ireny Warakomskiej - Open B"]
[Site "Suwalki"]
[Date "2017-08-15"]
[Round "6.32"]
[White "Kupsik, Joanna "]
[Black "Czaplewska, Klara"]
[Result "0-1"]
[WhiteTitle ""]
[BlackTitle ""]
[WhiteElo "1703"]
[BlackElo "1934"]

1. e4 e5 2. Nf3 Nc6 3. d4 exd4 4. Nxd4 Bc5 5. Nb3 Bb6 6. Nc3 Qf6 7. Qe2 Nge7 8.
Be3 O-O 9. O-O-O d6 10. f3 Bxe3+ 11. Qxe3 a6 12. g4 Ne5 13. Be2 b5 14. h4 c5 15.
g5 Qe6 16. f4 N5c6 17. h5 b4 18. f5 Nxf5 19. Qf3 Nfd4 20. Nxd4 Nxd4 21. Rxd4 cxd4
22. Nd5 Qe5 23. Qg2 Bb7 24. Nf6+ Kh8 25. Nd7 Qxe4 26. Qxe4 Bxe4 27. Rf1 Rfc8 28.
Bd1 Rc7 29. Nb6 Rb8 30. Na4 d3 31. Rf4 d5 32. c3 Kg8 33. Kd2 bxc3+ 34. bxc3 Re7
35. Nc5 Rb2+ 36. Kc1 Rxa2 37. Nb3 d2+ 38. Nxd2 Ra1+ 0-1

[Event "I Miedzynarodowy Memorial Ireny Warakomskiej - Open B"]
[Site "Suwalki"]
[Date "2017-08-15"]
[Round "6.33"]
[White "Rudzinska, Michalina "]
[Black "Hagner, Pawel"]
[Result "1-0"]
[WhiteTitle ""]
[BlackTitle ""]
[WhiteElo "1870"]
[BlackElo "1709"]

1. e4 d6 2. d4 Nf6 3. Nc3 g6 4. f3 Bg7 5. Be3 c6 6. Qd2 Nbd7 7. g4 a6 8. Nge2 b5
9. Ng3 Qc7 10. g5 Nh5 11. Nxh5 gxh5 12. Ne2 c5 13. Ng3 cxd4 14. Bxd4 Bxd4 15.
Qxd4 Ne5 16. O-O-O Rg8 17. Qe3 Qa5 18. f4 Ng6 19. Kb1 h4 20. Nf5 Be6 21. b3 Rc8
22. Nh6 Rxc2 23. Kxc2 Qxa2+ 24. Kc1 Bxb3 25. Qc3 Kd7 26. Nxg8 Qa3+ 27. Kd2 Qa2+
28. Ke3 Bxd1 29. Bh3+ e6 30. Rxd1 Qxh2 31. Nf6+ 1-0

[Event "I Miedzynarodowy Memorial Ireny Warakomskiej - Open B"]
[Site "Suwalki"]
[Date "2017-08-15"]
[Round "6.34"]
[White "Karlov, Egor "]
[Black "Milanowski, Jan"]
[Result "1-0"]
[WhiteTitle ""]
[BlackTitle ""]
[WhiteElo "1724"]
[BlackElo "1815"]

1. d4 d5 2. Nf3 Nf6 3. e3 c6 4. c4 e6 5. Nc3 Nbd7 6. Qc2 Be7 7. Bd3 dxc4 8. Bxc4
b5 9. Bd3 Bb7 10. O-O h6 11. e4 a6 12. e5 Nd5 13. Nxd5 cxd5 14. a4 b4 15. a5 Nb8
16. Bd2 Nc6 17. Qa4 O-O 18. Rfc1 Qe8 19. Rc2 Rc8 20. b3 Qd7 21. Rac1 Rfd8 22.
Bxa6 Bxa6 23. Rxc6 Rxc6 24. Qxc6 Qxc6 25. Rxc6 Be2 26. a6 Ra8 27. Rc7 Bf8 28.
a7 g6 29. Rb7 Kg7 30. Ne1 Bd1 31. Nd3 Bxb3 32. Nxb4 Ba4 33. Na6 Bc6 34. Rc7 Bb5
35. Nb8 Ba3 36. Bc3 g5 37. Nd7 Bxd7 38. Rxd7 Bf8 39. Rb7 Kg6 40. Ba5 f5 41. exf6
Kxf6 42. Bc7 h5 43. g3 Ba3 44. Kg2 Kf5 45. Bb6 Bd6 46. Rd7 Bb8 47. axb8=Q Rxb8
48. Bc5 Rb2 49. Bd6 g4 50. Be5 Rb6 51. Rf7+ Kg6 52. Rf6+ Kh7 53. h3 Rc6 54. hxg4
hxg4 55. Rf4 Kh6 56. Rxg4 Kh5 57. Rh4+ Kg5 58. Rf4 Ra6 59. Rf6 Kg4 60. f3+ Kg5
61. Kh3 Ra3 1-0

[Event "I Miedzynarodowy Memorial Ireny Warakomskiej - Open B"]
[Site "Suwalki"]
[Date "2017-08-15"]
[Round "6.35"]
[White "Wolagiewicz, Kinga "]
[Black "Pytel, Przemyslaw"]
[Result "0-1"]
[WhiteTitle ""]
[BlackTitle ""]
[WhiteElo "1611"]
[BlackElo "1815"]

1. e4 c5 2. Nf3 e6 3. d4 cxd4 4. Nxd4 Nc6 5. Nxc6 dxc6 6. Bd3 Nf6 7. O-O Bc5 8.
Kh1 h6 9. f4 h5 10. Nd2 Ng4 11. Qe1 Qd4 12. h3 Nf2+ 13. Kh2 Nxd3 14. cxd3 Qxd3
15. Rf3 Qd8 16. Nb3 Be7 17. Bd2 Qc7 18. Bc3 f6 19. e5 f5 20. Rd1 Bd7 21. Rfd3
Rd8 22. Nd4 g6 23. b4 Kf7 24. Nb3 Bc8 25. a3 Rxd3 26. Rxd3 Rd8 27. Qd2 Rxd3 28.
Qxd3 Qd7 29. Qxd7 Bxd7 30. Bd4 b6 31. g3 Bc8 32. h4 Ba6 33. Kg2 Ke8 34. Kf2 Bc4
35. Nd2 Bd5 36. Ke2 c5 37. bxc5 bxc5 38. Bc3 Kd7 39. a4 Bd8 40. Kd3 Bc7 41. Nc4
Bc6 42. Nb2 Bb7 43. Nd1 Kc6 44. Ne3 Ba6+ 45. Kc2 Bb6 46. Kd1 Bd3 47. Kd2 c4 48.
Bb4 Bd4 49. Ba5 a6 50. Bb4 Kb6 51. Bc3 Bc5 52. Nd1 Bg1 53. Kc1 Kc5 54. Nb2 Bf2
55. Kd2 Bxg3 56. Nxd3+ cxd3 57. Kxd3 Bxf4 58. a5 Bg3 59. Bd4+ Kb5 0-1

[Event "I Miedzynarodowy Memorial Ireny Warakomskiej - Open B"]
[Site "Suwalki"]
[Date "2017-08-15"]
[Round "6.36"]
[White "Huchwajda, Grzegorz"]
[Black "Norek, Bartosz "]
[Result "0-1"]
[WhiteTitle ""]
[BlackTitle ""]
[WhiteElo "1566"]
[BlackElo "1799"]

1. e4 c5 2. Nf3 d6 3. d4 cxd4 4. Nxd4 Nf6 5. Nc3 a6 6. Be2 e5 7. Nb3 Be7 8. O-O
O-O 9. Be3 Be6 10. Re1 Nbd7 11. Bf3 Ne8 12. Nd5 Bg5 13. Qd2 Bxe3 14. Nxe3 Qc7
15. Rad1 Rd8 16. c3 b5 17. Nc1 Nb6 18. b3 g6 19. Nf1 Ng7 20. g4 f6 21. Ne3 Bf7
22. Kg2 Ne6 23. Ne2 Ng5 24. h4 Nxf3 25. Kxf3 d5 26. Qc2 Rd7 27. Kg2 Qc6 28. f3
Rc8 29. Rc1 Rdc7 30. Qb1 dxe4 31. Qxe4 Qxe4 32. fxe4 Rd8 33. Rcd1 Rcd7 34. Rxd7
Rxd7 35. Rd1 Rxd1 36. Nxd1 a5 37. Kf3 a4 38. Nc1 Kf8 39. Ne3 Be6 40. g5 f5 41.
exf5 gxf5 42. Kf2 f4 43. Nd1 e4 44. Nb2 Bg4 45. bxa4 bxa4 46. a3 Kf7 47. c4 Ke6
48. c5 Nd5 49. Nxa4 Ke5 50. Nb6 e3+ 51. Ke1 f3 52. Nd3+ Kd4 53. Nf2 exf2+ 54.
Kxf2 Nc3 55. h5 Ne4+ 56. Ke1 f2+ 0-1

[Event "I Miedzynarodowy Memorial Ireny Warakomskiej - Open B"]
[Site "Suwalki"]
[Date "2017-08-15"]
[Round "6.37"]
[White "Ossolinski, Ziemowit "]
[Black "Kwasniewski, Pawel "]
[Result "1-0"]
[WhiteTitle ""]
[BlackTitle ""]
[WhiteElo "1798"]
[BlackElo "1702"]

1. e4 c6 2. d4 d5 3. e5 Bf5 4. h4 h5 5. c4 dxc4 6. Bxc4 e6 7. Nf3 Be7 8. Nc3 Nd7
9. Be3 Nb6 10. Bb3 Nh6 11. Bxh6 Rxh6 12. Qd2 Bb4 13. a3 Be7 14. g3 Qd7 15. Ng5
Rh8 16. Rd1 Bg4 17. Ne2 Nd5 18. Rc1 Qd8 19. Ng1 Rc8 20. f3 Bf5 21. Ne4 Kd7 22.
Ne2 Qb6 23. Ba2 Rcg8 24. Bb1 Qb3 25. N2c3 Nxc3 26. Rxc3 Qb6 27. Nc5+ Kc7 28. Bxf5
exf5 29. Rb3 Bxc5 30. Rxb6 Bxb6 31. Qf4 Kd8 32. Rh2 g6 33. Rd2 Kc8 34. d5 cxd5
35. Rxd5 Rd8 36. Qc4+ 1-0

[Event "I Miedzynarodowy Memorial Ireny Warakomskiej - Open B"]
[Site "Suwalki"]
[Date "2017-08-15"]
[Round "6.38"]
[White "Matuszczyk, Mateusz"]
[Black "Kalejta, Arkadiusz "]
[Result "1-0"]
[WhiteTitle ""]
[BlackTitle ""]
[WhiteElo "1666"]
[BlackElo "1677"]

1. e4 c5 2. Nf3 Nc6 3. d4 cxd4 4. Nxd4 Nf6 5. Nc3 e5 6. Ndb5 d6 7. Bg5 a6 8. Na3
b5 9. Bxf6 gxf6 10. Nd5 f5 11. c3 Be6 12. exf5 Bxf5 13. Qf3 Be6 14. Nf6+ Ke7 15.
Rd1 Qc8 16. Bxb5 axb5 17. Nxb5 Bg7 18. Nd5+ Bxd5 19. Qxd5 Rd8 20. Nxd6 Rxd6 21.
Qxd6+ Ke8 22. O-O Qe6 23. Qc5 Bf8 24. Qb5 Rb8 25. Qe2 Qxa2 26. Rd2 Bh6 27. Rd6
Rxb2 28. Qe4 Ne7 29. Rxh6 Qa5 30. Rxh7 Qxc3 31. Qa8+ Kd7 32. Rxf7 Qd4 33. Qa3
Rb4 34. Rxe7+ Kxe7 35. Rb1 1-0

[Event "I Miedzynarodowy Memorial Ireny Warakomskiej - Open B"]
[Site "Suwalki"]
[Date "2017-08-15"]
[Round "6.39"]
[White "Ziemski, Jaroslaw"]
[Black "Chin, Shun Yi"]
[Result "0-1"]
[WhiteTitle ""]
[BlackTitle ""]
[WhiteElo "1668"]
[BlackElo "1521"]

1. e4 e6 2. b3 d5 3. exd5 exd5 4. Bb2 Nf6 5. Nf3 Bd6 6. Be2 O-O 7. O-O Bg4 8. d4
Nbd7 9. Nbd2 c6 10. Ne5 Bxe2 11. Qxe2 Re8 12. f4 Qb6 13. Kh1 Nf8 14. c4 Qc7 15.
Rae1 Bb4 16. Rc1 Ng6 17. cxd5 Nxd5 18. f5 Ngf4 19. Rxf4 Nxf4 20. Qf2 Nd5 21. Ndf3
Re7 22. Qh4 Rae8 23. f6 Nxf6 24. Ng5 h6 25. Rf1 hxg5 26. Qxg5 Bd6 27. Rxf6 Bxe5
28. dxe5 Rxe5 29. Bxe5 Rxe5 30. Qg3 Rd5 31. Rf1 Qxg3 32. hxg3 Rd2 33. a4 Rb2 34.
Rf3 a5 35. Kh2 b5 36. Rc3 bxa4 37. bxa4 Rb6 38. Rc5 Ra6 39. g4 f6 40. Kg3 Kf7
41. g5 Ke6 42. g6 Kd6 43. Rh5 c5 44. Kf4 Rb6 45. Rh7 Rb7 46. Ke4 Re7+ 47. Kd3
Kd5 48. Rh5+ Re5 49. g4 Rg5 50. Kc3 Kc6 51. Rxg5 fxg5 52. Kc4 Kd6 53. Kb5 Kd5
54. Kxa5 c4 55. Kb4 Kd4 56. a5 c3 57. Ka3 Kd3 58. a6 c2 59. Kb4 c1=Q 60. Kb5 Qc4+
61. Kb6 Qb4+ 62. Kc7 Qa5+ 63. Kb7 Qb5+ 64. Ka7 Kc4 0-1

[Event "I Miedzynarodowy Memorial Ireny Warakomskiej - Open B"]
[Site "Suwalki"]
[Date "2017-08-15"]
[Round "6.40"]
[White "Choinska, Debora "]
[Black "Tomicki, Marek "]
[Result "0-1"]
[WhiteTitle ""]
[BlackTitle ""]
[WhiteElo "1600"]
[BlackElo "1649"]

1. e4 c5 2. Nf3 d6 3. d4 cxd4 4. Nxd4 Nf6 5. Nc3 a6 6. a4 Qc7 7. Be2 Nbd7 8. Be3
b6 9. f4 e6 10. O-O Bb7 11. Bd3 Nc5 12. Qf3 Be7 13. Kh1 O-O 14. Nb3 Rac8 15. Rae1
d5 16. exd5 Nxd3 17. cxd3 Nxd5 18. Qg3 Nxc3 19. bxc3 Bf6 20. Rc1 Rfd8 21. Rfd1
Bc6 22. Qf2 Rb8 23. Qa2 Qd7 24. a5 bxa5 25. Nxa5 Ba8 26. Nc4 Qd5 27. Qf2 Bc6 28.
Bb6 Rd7 29. Be3 Rdb7 30. Ne5 Rb2 31. Rd2 Rb1 32. Rcd1 Bxe5 33. fxe5 Qb3 34. Qe1
Rxd1 35. Rxd1 Qa2 36. Rd2 Rb2 37. Rxb2 Qxb2 38. Qd2 Qb1+ 39. Bg1 a5 40. c4 a4
41. d4 Qe4 42. Qb2 h6 43. Qb8+ Kh7 44. Qb2 a3 45. Qa2 Qxg2+ 46. Qxg2 Bxg2+ 47.
Kxg2 a2 48. d5 a1=Q 49. d6 Qxe5 50. c5 Qd5+ 51. Kf1 f5 52. h4 g5 53. hxg5 hxg5
54. Bf2 e5 55. Bg1 e4 56. Ke2 f4 57. Bf2 f3+ 58. Ke1 Kg6 59. Bg1 g4 0-1